Truyện cổ Mơ Nông
Tập hợp 40 truyện gồm các thể loại thần thoại, truyền thuyết và cổ tích phản ánh những nét cơ bản về phong tục, tập quán, nghi lễ tín ngưỡng của tộc người Mơ Nông.
保存先:
| 団体著者: | |
|---|---|
| フォーマット: | 図書 |
| 言語: | Undetermined |
| 出版事項: |
Hà Nội
Đại học Quốc gia Hà Nội
2010
|
| 主題: | |
| タグ: |
タグ追加
タグなし, このレコードへの初めてのタグを付けませんか!
|
| Thư viện lưu trữ: | Trung tâm Học liệu Trường Đại học Cần Thơ |
|---|
| LEADER | 00965nam a2200205Ia 4500 | ||
|---|---|---|---|
| 001 | CTU_165344 | ||
| 008 | 210402s9999 xx 000 0 und d | ||
| 082 | |a 398.2049593 | ||
| 082 | |b H452 | ||
| 110 | |a Hội Văn nghệ Dân gian Việt Nam | ||
| 245 | 0 | |a Truyện cổ Mơ Nông | |
| 245 | 0 | |c Hội Văn nghệ Dân gian Việt Nam, Nguyễn Văn Huệ,...[et al.] | |
| 260 | |a Hà Nội | ||
| 260 | |b Đại học Quốc gia Hà Nội | ||
| 260 | |c 2010 | ||
| 520 | |a Tập hợp 40 truyện gồm các thể loại thần thoại, truyền thuyết và cổ tích phản ánh những nét cơ bản về phong tục, tập quán, nghi lễ tín ngưỡng của tộc người Mơ Nông. | ||
| 650 | |a Mnong (Vietnamese people),Người Mơ Nông | ||
| 650 | |x Folklore,Văn học dân gian | ||
| 904 | |i Năm | ||
| 980 | |a Trung tâm Học liệu Trường Đại học Cần Thơ | ||